| 000 | 00393nam a2200157Ia 4500 | ||
|---|---|---|---|
| 008 | 210423s2005 xx 000 0 und d | ||
| 020 | _a818152117 | ||
| 041 | _aeng | ||
| 082 | _a658.11 SHAF | ||
| 100 | _aSHASTRI (Falguni C). | ||
| 245 | _aCorporate governance. | ||
| 260 |
_aJaipur _bBook Enclave _c2005 |
||
| 300 |
_av,188 _bPB |
||
| 365 |
_b480 _cINR |
||
| 906 | _aCorporate ; governance. | ||
| 999 |
_c157561 _d157561 |
||